Central Library OPAC University of Rajshahi

Population genetics / (Record no. 70521)

MARC details
000 -LEADER
fixed length control field 00760nam a2200241 a 4500
001 - CONTROL NUMBER
control field 70521
003 - CONTROL NUMBER IDENTIFIER
rucl marc code BD-RjUL
005 - DATE AND TIME OF LATEST TRANSACTION
control field 20211209082018.0
008 - FIXED-LENGTH DATA ELEMENTS--GENERAL INFORMATION
fixed length control field 170418r19621955ilua b 001 0 eng
035 ## - SYSTEM CONTROL NUMBER
System control number (BD-RjUL)70735
040 ## - CATALOGING SOURCE
Original cataloging agency DLC
Transcribing agency DLC
Modifying agency DLC
Language of cataloging eng
041 ## - LANGUAGE CODE
Language code of text/sound track or separate title eng
082 00 - DEWEY DECIMAL CLASSIFICATION NUMBER
Edition number 23
Classification number 576.58
Author mark and year LIP 1962
100 1# - MAIN ENTRY--PERSONAL NAME
Personal name Li, Ching Chun,
Dates associated with a name 1912-
9 (RLIN) 208745
245 10 - TITLE STATEMENT
Title Population genetics /
Statement of responsibility, etc. Ching Chun Li
260 ## - PUBLICATION, DISTRIBUTION, ETC. (IMPRINT)
Place of publication, distribution, etc. Chicago :
Name of publisher, distributor, etc. University of Chicago Press
Date of publication, distribution, etc. 1955 [reprinted 1962]
300 ## - PHYSICAL DESCRIPTION
Pagination 366 p. :
Illustrations ill. ;
Size 25 cm.
490 0# - SERIES STATEMENT
Series statement The College library of biological sciences
504 ## - BIBLIOGRAPHY, ETC. NOTE
Bibliography, etc Includes bibliography and index
650 #0 - SUBJECT ADDED ENTRY--TOPICAL TERM
Topical term or geographic name as entry element Population genetics.
9 (RLIN) 167423
830 ## - SERIES ADDED ENTRY--UNIFORM TITLE
Uniform title The College library of biological sciences
942 ## - ADDED ENTRY ELEMENTS (KOHA)
Source of classification or shelving scheme Dewey Decimal Classification
Koha item type Books
Holdings
Lost status Source of classification or shelving scheme Damaged status Not for loan Collection code Permanent Location Current Location Shelving location Date acquired Source of acquisition Cost, normal purchase price Total Checkouts Full call number Date last seen Copy number Koha item type
  Dewey Decimal Classification   Not For Loan Non-fiction Central Library, University of Rajshahi Central Library, University of Rajshahi Reading Room 11/12/1963 Paragon Enterprise ltd., Dhaka 60.00   576.58 LIP 1962 18/04/2017 C-1 Books